A la recherche du temps perdu

Guardat en:
Dades bibliogràfiques
Autor principal: Proust, Marcel
Format: Llibre
Idioma:Undetermined
Publicat: Belgique Gallimard 1954
Matèries:
Etiquetes: Afegir etiqueta
Sense etiquetes, Sigues el primer a etiquetar aquest registre!

MARC

LEADER 00000nam a2200000Ia 4500
008 170316s9999 xx 000 0 und d
040 |a cru BVZT 
090 |a 840 P-21a v.2 
100 |a Proust, Marcel 
245 2 |a A la recherche du temps perdu 
260 |a Belgique 
260 |b Gallimard 
260 |c 1954 
300 |a 1217 páginas Tomo II 
650 |a LITERATURA FRANCESA 
999 |c 7892  |d 7892 
942 |c 15 D  |h 840 P-21a v.2  |2 z